| 000 | 00710cam a2200265 4500 | ||
|---|---|---|---|
| 001 | M1321 | ||
| 008 | 090401t1993 xxu||||| |||| 00| 0 eng d | ||
| 035 | _a(Sirsi) u31120 | ||
| 041 | _aeng | ||
| 050 | _a690.25 | ||
| 100 | _aHarrison, H. W. | ||
| 245 | _aQuality in new-build housing. | ||
| 260 |
_aGarston, Watford _bBuilding Research Establishment _c1993 |
||
| 300 | _a(4)p. ; 30cm. | ||
| 350 | _a0 | ||
| 490 |
_aBRE Information Paper _v3/93 |
||
| 650 | _aBUILDING DEFECTS | ||
| 650 | _aHOUSING DEFECTS | ||
| 650 | _aHOUSING DESIGN | ||
| 650 | _aNEW BUILD | ||
| 690 | _aBUILT ENVIRONMENT-BUILDING PATHOLOGY | ||
| 710 | _aBuilding Research Establishment | ||
| 942 | _n0 | ||
| 948 | _c04/03/1997 | ||
| 999 |
_c89560 _d89560 |
||